Every Song by the Strokes - Statistics

General Stats
  • This quiz has been taken 24 times
    23 since last reset
  • The average score is 22 of 74
Answer Stats
Album Song % Correct
Is This It(2001) Is This It
100%
Is This It(2001) Last Nite
100%
Room on Fire(2003) Reptilia
94%
Is This It(2001) Someday
88%
The New Abnormal(2020) The Adults are Talking
88%
The New Abnormal(2020) Ode to the Mets
82%
First Impressions of Earth(2005) Juicebox
76%
Is This It(2001) Barely Legal
71%
Comedown Machine(2013) Call It Fate, Call It Karma
71%
Is This It(2001) Alone, Together
65%
Is This It(2001) New York City Cops
65%
Is This It(2001) Soma
65%
The New Abnormal(2020) Why are Sundays So Depressing
65%
Is This It(2001) Hard to Explain
59%
Is This It(2001) The Modern Age
59%
Room on Fire(2003) 12:51
53%
Is This It(2001) Take It or Leave It
53%
Is This It(Bonus)(2001) When It Started
53%
Room on Fire(2003) What Ever Happened?
47%
Comedown Machine(2013) Welcome to Japan
41%
First Impressions of Earth(2005) You Only Live Once
41%
The New Abnormal(2020) Eternal Summer
35%
First Impressions of Earth(2005) Heart in a Cage
35%
The New Abnormal(2020) Brooklyn Bridge to Chorus
29%
Angles(2011) Machu Picchu
29%
Room on Fire(2003) The End Has No End
29%
Comedown Machine(2013) 80's Comedown Machine
24%
The New Abnormal(2020) At the Door
24%
Room on Fire(2003) Meet Me in the Bathroom
24%
First Impressions of Earth(2005) Razorblade
24%
The New Abnormal(2020) Selfless
24%
Angles(2011) Under Cover of Darkness
24%
Room on Fire(2003) Automatic Stop
18%
The New Abnormal(2020) Bad Decisions
18%
Future Present Past(2016) Drag Queen
18%
Comedown Machine(Bonus)(2013) Fast Animals
18%
Angles(2011) Games
18%
The Singles - Volume 01(2023) Hawaii
18%
Room on Fire(2003) I Can't Win
18%
The New Abnormal(2020) Not the Same Anymore
18%
Future Present Past(2016) Oblivious
18%
First Impressions of Earth(2005) Red Light
18%
Is This It(2001) Trying Your Luck
18%
First Impressions of Earth(2005) Ask Me Anything
12%
Room on Fire(2003) Between Love & Hate
12%
Angles(2011) Call Me Back
12%
Comedown Machine(2013) Chances
12%
First Impressions of Earth(2005) Electricityscape
12%
Comedown Machine(2013) Happy Ending
12%
First Impressions of Earth(2005) Ize of the World
12%
The Singles - Volume 01(2023) Mercy Mercy Me (The Ecology)
12%
Angles(2011) Metabolism
12%
Comedown Machine(2013) One Way Trigger
12%
Comedown Machine(2013) Slow Animals
12%
Angles(2011) Taken for a Fool
12%
Room on Fire(2003) The Way It Is
12%
Future Present Past(2016) Threat of Joy
12%
Angles(2011) Two Kinds of Happiness
12%
Room on Fire(2003) You Talk Way Too Much
12%
First Impressions of Earth(2005) 15 Minutes
6%
Comedown Machine(2013) 50/50
6%
Comedown Machine(2013) All the Time
6%
First Impressions of Earth(2005) Evening Sun
6%
First Impressions of Earth(2005) Fear of Sleep
6%
Angles(2011) Gratisfaction
6%
First Impressions of Earth(2005) Killing Lies
6%
Angles(2011) Life is Simple in the Moonlight
6%
Comedown Machine(2013) Partners in Crime
6%
Comedown Machine(2013) Tap Out
6%
Room on Fire(2003) Under Control
6%
First Impressions of Earth(2005) Vision of Division
6%
Angles(2011) You're So Right
6%
Non-Album(2004) Elephant Song
0%
First Impressions of Earth(2005) On the Other Side
0%
No matching quizzes found
Score Distribution
Percent of People with Each Score
Percentile by Number Answered
Your Score History
You have not taken this quiz since the last reset